[Event "29th CRO-chT Junior 2020"]
[Site "Cakovec"]
[Date "2020.07.14"]
[Round "2.19"]
[White "Sagovac, Kristijan"]
[Black "Ghersinich, Enrico"]
[Result "0-1"]
[WhiteElo "1839"]
[BlackElo "2299"]
[Annotator "TA"]
[PlyCount "120"]
[EventDate "2020.07.14"]
[EventType "team-tourn"]
[EventCountry "CRO"]
[SourceTitle "playchess.com"]
[Source "ChessBase"]
[SourceQuality "1"]

{[%evp 9,120,20,58,-46,-17,-62,-60,-55,-52,-101,-97,-77,-64,-83,-32,-94,-64,-63,-44,-53,-52,-57,-34,-43,-30,-60,-67,-62,-66,-96,-103,-122,-120,-268,-279,-263,68,69,66,73,69,70,57,56,67,55,41,56,94,94,105,87,114,110,121,118,125,105,145,0,-16,-70,-70,-70,-70,-70,-70,-92,-86,-90,-101,-100,-84,-95,-93,-72,-70,-110,-110,-110,-110,-110,-110,-110,-109,-102,-102,-112,-63,-258,-187,-253,-210,-254,-251,-290,-340,-370,-324,-429,-366,-12839,-12839,-12837,-11827,-12848,-12848,-12849,-12849,-12850,-29987,-12851,-27999]} 1. e4 e5 2. Nf3 Nc6 {[%cal Bb8c6,Bc6d4,Bd4b3][%mdl 32]} 3. Bc4 Nf6 4. Ng5 d5 5. exd5 b5 6. Bb3 {C57: Two Knights: Wilkes-Barre/Traxler and 4 Ng5 d5 5 exd5, unusual Black 5th moves.} (6. Bf1 $14 Qxd5 7. Nc3 {[%mdl 64] Double Attack}) 6... Nd4 $15 7. c3 Nxb3 8. Qxb3 {Black is slightly better.} Qxd5 9. Qxd5 Nxd5 10. O-O Bb7 11. Re1 Be7 {[#]} (11... f6 $17 12. Nf3 Kf7) 12. d3 $146 ({Better is} 12. Nf3 $15) ({Predecessor:} 12. d4 exd4 13. cxd4 O-O 14. Nc3 Bb4 15. Bd2 a6 16. a3 Ba5 17. b4 Bb6 18. Nf3 {0-1 (60) Meier,T (1357)-Brumme,J (1539) Sebnitz 2005}) 12... O-O 13. a4 a6 14. Nf3 f6 15. d4 exd4 16. Nxd4 Bc5 $36 {[%mdl 2048] White is under pressure.} 17. Ne6 Rfe8 18. Bd2 Bd6 19. Na3 c5 20. c4 b4 21. Nc2 (21. cxd5 $17 {was the only chance.} Bxd5 22. Nf4) 21... Nb6 $1 $19 22. b3 {[#]} Be5 $2 {[#]} (22... Kf7 $1 $19 23. Nf4 Be4 24. Rxe4 Rxe4) 23. Rxe5 $1 $14 {[%mdl 512]} fxe5 24. Nxc5 Bc8 25. Nxb4 Nd7 26. Nxd7 Bxd7 27. Nd5 Rab8 28. b4 $1 Red8 29. Bg5 Re8 30. b5 axb5 31. cxb5 Kf7 32. Be3 Red8 {White should prevent ...Bxb5.} 33. Nc7 Rb7 34. b6 $2 (34. Na6 $16) 34... Bxa4 $1 $11 35. Kf1 (35. Bc5 $1 $11) 35... Rd1+ $15 36. Rxd1 Bxd1 {[%mdl 4096] Endgame KRB-KBN} 37. Ke1 Ba4 38. Bc5 Bc6 39. g3 g5 40. Kd2 Kf6 41. Kc3 Rb8 42. Kb4 Rd8 43. h4 gxh4 44. gxh4 h5 45. Be3 Kf5 46. Kc5 Bb7 47. Nb5 {Black must now prevent Nd6+.} Rd5+ 48. Kb4 Kg4 49. Nc3 $2 {[#]} ({White should play} 49. Bg5 $1 $15) 49... Rd6 $1 $19 50. Bc5 (50. Nb5 $142 Rf6 51. Bc5) 50... Rf6 51. Nd1 Rf4+ 52. Kb5 Kxh4 53. Be7+ Kh3 54. Kc5 Kg2 {...h4 is the strong threat.} 55. Kd6 $2 (55. Bd6) 55... Rd4+ {[%mdl 64] Double Attack} 56. Kc7 Rxd1 57. Kxb7 Rd7+ {[%mdl 64] Double Attack} 58. Kc8 Rxe7 59. b7 Kxf2 60. b8=Q Re8+ {[%mdl 64] Skewer. Accuracy: White = 50%, Black = 79%.} 0-1

[Event "29th CRO-chT Junior 2020"]
[Site "Cakovec"]
[Date "2020.07.14"]
[Round "2.20"]
[White "Purini, Bruno"]
[Black "Martic, Filip"]
[Result "1-0"]
[WhiteElo "2017"]
[BlackElo "1656"]
[Annotator "TA"]
[PlyCount "99"]
[EventDate "2020.07.14"]
[EventType "team-tourn"]
[EventCountry "CRO"]
[SourceTitle "playchess.com"]
[Source "ChessBase"]
[SourceQuality "1"]

{[%evp 11,99,6,12,3,64,1,23,31,25,20,107,112,233,181,240,16,9,27,10,0,0,0,0,0,0,0,0,0,0,0,0,-25,-4,-16,-1,-4,0,0,70,60,57,56,115,115,117,117,127,110,123,97,185,190,168,148,162,154,151,151,203,173,238,229,223,215,170,3,3,3,3,3,3,0,0,0,161,183,233,143,608,608,518,532,29962,29966,29964,29963,29967,29969,29960,29961]} 1. e4 c5 2. Nf3 g6 3. c3 Bg7 4. d4 cxd4 5. cxd4 d5 6. exd5 Nf6 7. Nc3 {B27: Sicilian: 2 Nf3, unusual Black 2nd moves.} Nbd7 ({Black should try} 7... Nxd5 $11 8. Qb3 Nxc3 9. bxc3 O-O) 8. Bf4 {[#]} (8. d6 $14) 8... Nb6 $146 ({Predecessor:} 8... O-O 9. d6 exd6 10. Bxd6 Re8+ 11. Be2 Nb6 12. Be5 Be6 13. O-O Nc4 14. Bxc4 Bxc4 {1-0 (46) Richmond,J (1944)-O'Gorman,B (1808) Exeter 2006}) 9. Bb5+ {White has an edge.} Bd7 10. d6 Nh5 (10... Nbd5 $11 {remains equal.} 11. Bxd7+ Qxd7) 11. Bg5 $16 f6 (11... Bf6 $16 {was necessary.}) 12. Be3 {Black must now prevent g4.} exd6 (12... O-O $142 13. Bxd7 Qxd7) 13. g4 $2 ({White has to play} 13. Qb3 $18) 13... Bxb5 $11 14. Nxb5 Qd7 15. Qe2 a6 16. Nxd6+ Qxd6 17. Bf4+ Qe7 18. Qxe7+ Kxe7 19. gxh5 gxh5 20. Rc1 $36 {[%mdl 2048] White is more active.} Nd5 21. Bg3 Rac8 22. O-O Bh6 (22... Kf7 {is interesting.} 23. Rc5 Rcd8 24. Re1 Bf8 25. Rc2 Bb4) 23. Rc5 Rxc5 (23... Rhd8 {feels hotter.} 24. Nh4 Kf7 25. Bd6 Bf8 26. Bxf8 Kxf8 27. Rfc1 Rxc5 28. Rxc5 Nb4) 24. dxc5 Bf4 (24... Rd8 $11) 25. Re1+ $14 Kf7 26. Rd1 Bxg3 (26... Ke6 $14) 27. Rxd5 {[%mdl 4096] Endgame KRB-KRN} Ke6 28. Rxh5 Be5 29. Nxe5 fxe5 $16 {KR-KR} 30. Kf1 h6 (30... Kd5 $16 {was worth a try.}) 31. Ke2 $18 Kd5 32. Ke3 Kxc5 33. Rxe5+ Kd6 34. f4 Rc8 (34... Rg8 $16) 35. Rh5 Re8+ (35... Rc2 {was called for.} 36. Rxh6+ Kc5) 36. Kd4 Re6 37. Rd5+ $1 Kc6 38. f5 $2 (38. b3 $18) 38... Re2 $11 {...Rd2+ is the strong threat.} 39. Re5 Rxh2 40. Re6+ Kd7 41. Rb6 Kc7 42. Rb3 Rf2 $2 (42... b5 $11 {and Black is okay.}) 43. Ke5 $18 b5 {[#]} 44. Ke6 $1 Re2+ $2 {[%mdl 8192] [#]} (44... Kd8 $16) 45. Kf7 $1 Rd2 46. f6 Rd7+ 47. Kg8 {White mates.} Rd8+ 48. Kg7 Rd2 49. Rf3 Rg2+ 50. Kh8 {Accuracy: White = 74%, Black = 48%.} 1-0

[Event "29th CRO-chT Junior 2020"]
[Site "Cakovec"]
[Date "2020.07.15"]
[Round "3.1"]
[White "Damjanovic, Stjepan"]
[Black "Alfirevic, Duje"]
[Result "1-0"]
[WhiteElo "1867"]
[BlackElo "2011"]
[Annotator "TA"]
[PlyCount "79"]
[EventDate "2020.07.14"]
[EventType "team-tourn"]
[EventCountry "CRO"]
[SourceTitle "playchess.com"]
[Source "ChessBase"]
[SourceQuality "1"]

{[%evp 17,79,-46,0,0,8,0,0,0,0,-38,-26,-63,-16,-43,14,21,28,15,75,69,89,88,89,-29,-35,-112,-77,-117,-72,-70,-21,-13,-30,-31,-28,-54,0,-89,-27,-49,-13,-134,0,0,0,25,73,12,209,81,234,214,213,213,323,304,545,532,6179,5181,29974,29975,29980,29980]} 1. e4 e5 2. Nf3 Nc6 3. Bc4 Bc5 4. O-O Nf6 5. d4 Bxd4 6. Nxd4 d6 7. f4 Nxd4 8. fxe5 dxe5 9. Bg5 Be6 10. Na3 {C50: Hungarian Defence and Giuoco Pianissimo.} Qe7 11. Bxf6 gxf6 12. c3 {The position is equal.} Nc6 {And now ...Bxc4 would win.} 13. Kh1 Rg8 14. Qf3 Rg6 15. Bd5 {[#]} Nd8 $146 (15... O-O-O $15) ({Predecessor:} 15... O-O-O 16. Nc4 Qe8 17. Ne3 Ne7 18. Rad1 Nxd5 19. exd5 Bd7 20. Qe4 Qe7 21. Rd2 Rdg8 {0-1 (45) Timmermans,M (2169)-Pedersen,N (2461) Dieren 2010}) 16. Nc2 $11 c6 {Hoping for ...Bg4.} 17. Bb3 a5 (17... Qf8 $11) 18. Ne3 $1 $16 a4 19. Bxe6 Nxe6 20. Ng4 (20. Nf5 $16 Qc7 21. Rad1) 20... O-O-O $36 {[%mdl 2048] Black has the initiative.} 21. b3 (21. Rad1 $15) 21... a3 22. g3 h5 23. Ne3 Ng5 24. Nf5 Qc5 25. Qe2 Kb8 26. Rad1 Rgg8 (26... Rxd1 $15 27. Qxd1 Nxe4) 27. Rd3 (27. h4 $1 $11 Ne6 28. Qf3 (28. Qxh5 Rxd1 29. Qxd1 Qxc3 $15)) 27... Rxd3 ({Better is} 27... Ne6 $17) 28. Qxd3 Ne6 29. b4 (29. Qd7 $11 {keeps the balance.}) 29... Qb5 $2 (29... Qb6 $1 $17 30. Qe2 Rd8) 30. Qxb5 $1 cxb5 {[%mdl 4096] Endgame KRN-KRN} 31. Nd6 Nc7 32. Rxf6 (32. Kg2 $16) 32... Rd8 $2 {[#]} (32... Ne8 $1 $11 33. Nxe8 Rxe8) 33. Kg2 (33. Nxf7 Rd2 $11) (33. h4 $1 $18 {is the precise move to win.}) 33... Ne6 $2 (33... Ne8 $16 {was called for.} 34. Nxe8 Rxe8) 34. Nxb5 $18 (34. Nxf7 Rd2+ 35. Rf2 Rd3) 34... Ng5 35. Nd6 ({Don't play} 35. Nxa3 $6 Rd2+ 36. Kg1 Rd1+ 37. Rf1 Rxf1+ 38. Kxf1 Nxe4 $16) 35... Kc7 {[#]} (35... Nh7 $142 36. Rh6 {[%mdl 64] Double Attack} (36. Rxf7 Rxd6 37. Rxh7 Rd2+ {[%mdl 64] Double Attack} 38. Kh3 Rxa2 $11) (36. Nxf7 Nxf6 37. Nxd8 Nxe4 $11) 36... f6) 36. h4 $1 Rxd6 $2 (36... Ne6) 37. Rxd6 ({Weaker is} 37. hxg5 Rd7 $18) 37... Kxd6 38. hxg5 b5 39. Kh3 Ke6 40. Kh4 {Accuracy: White = 54%, Black = 26%.} 1-0

[Event "29th CRO-chT Junior 2020"]
[Site "Cakovec"]
[Date "2020.07.15"]
[Round "3.2"]
[White "Dumancic, Simun"]
[Black "Juric, Ester"]
[Result "1-0"]
[WhiteElo "1896"]
[BlackElo "1663"]
[Annotator "NA RC"]
[PlyCount "81"]
[EventDate "2020.07.14"]
[EventType "team-tourn"]
[EventCountry "CRO"]
[SourceTitle "playchess.com"]
[Source "ChessBase"]
[SourceQuality "1"]
[TimeControl "5400+30"]

{[%evp 14,81,35,22,28,7,3,0,30,0,29,0,9,0,-27,-24,8,18,20,0,10,-39,35,-31,0,-30,150,-38,167,-145,-35,-64,-62,-70,39,54,38,41,36,-456,68,75,60,51,66,55,73,89,502,500,528,541,32767,32767,32767,32767,32767,687,629,631,541,627,1008,934,2143,5695,5595,29979,2889,29982]} 1. e4 {[%emt 0:00:30]} c5 {[%emt 0:00:30]} 2. Nf3 {[%emt 0:00:00]} d6 {[%emt 0:00:00]} 3. d4 {[%emt 0:00:00]} cxd4 {[%emt 0:00:00]} 4. Qxd4 {[%emt 0:00:30]} Nc6 {[%emt 0:00:30]} 5. Bb5 {[%emt 0:00:00]} Bd7 {[%emt 0:00:30]} 6. Bxc6 {[%emt 0:00:00]} Bxc6 {[%emt 0:00:30]} 7. Nc3 {[%emt 0:00:00]} e5 {[%emt 0:10:30]} 8. Qd3 {[%emt 0:02:00]} h6 {[%emt 0:01:30]} 9. Be3 {[%emt 0:05:30]} Nf6 {[%emt 0:00:30]} 10. O-O-O {[%emt 0:04:30]} Be7 {[%emt 0:00:30]} 11. h3 {[%emt 0:00:30]} (11. Nh4 $5 {[%cal Rh4f5]}) 11... a6 {[%emt 0:04:30] B53: Sicilian: 2...d6: Lines with Qxd4.} 12. Nh4 {[%emt 0:16:30]} g6 {[%emt 0:17:30] [#]} 13. Rhe1 $146 {[%emt 0:11:30]} ({Predecessor:} 13. f4 exf4 14. Bd4 O-O 15. Nf3 Nd7 16. Qd2 Kh7 17. Qxf4 f5 18. Qe3 f4 19. Qf2 {0-1 (70) Prakapuk,V (1974)-Uzlavataya,A (1979) Minsk 2015}) 13... Qc7 {[%emt 0:07:30]} 14. f4 {[%emt 0:04:30]} Rd8 {[%emt 0:19:30]} (14... Nh5 $15 15. Nf3 exf4) 15. Nf3 {[%emt 0:09:30]} b5 {[%emt 0:03:30]} 16. a3 {[%emt 0:03:30]} O-O {[%emt 0:04:30]} 17. g4 {[%emt 0:11:30]} Rfe8 {[%emt 0:07:20]} 18. Kb1 {[%emt 0:09:05]} (18. Bd2 $11) 18... Bf8 {[%emt 0:01:19]} 19. Bc1 {[%emt 0:02:16]} Be7 $2 {[%emt 0:04:59] [#]} ({Black should play} 19... exf4 $11 20. Bxf4 Qb7) 20. Qe2 $2 {[%emt 0:03:36]} (20. g5 $1 $16 {[%cal Rg5f6]} hxg5 21. Nxg5 (21. fxg5 Nd7 $11)) 20... Bf8 $2 {[%emt 0:01:10]} (20... exf4 $11 {and Black stays safe.} 21. Bxf4 Bf8) 21. Qf2 $2 {[%emt 0:05:25]} ({Better is} 21. g5 $18) 21... a5 {[%emt 0:04:10]} (21... exf4 $17 22. Nd4 g5 23. Bxf4 gxf4 24. Qxf4 Nh7) 22. Nd5 {[%emt 0:01:45]} Bxd5 $1 {[%emt 0:07:04]} 23. exd5 {[%emt 0:00:33]} Qc5 {[%emt 0:00:30]} ({Black should play} 23... exf4 $15 24. Bxf4 b4 25. Rxe8 Rxe8) 24. Be3 {[%emt 0:01:52]} Qc4 {[%emt 0:01:35]} 25. b3 {[%emt 0:00:52]} Qc8 $1 {[%emt 0:00:34]} 26. fxe5 $2 {[%emt 0:00:54]} (26. Bb6 $14 {was forced to keep a grip.} exf4 27. Bxd8 (27. Bxa5 Rxe1 28. Bxe1 Re8 $15) 27... Qxd8 28. Rxe8 Qxe8 29. Qe1) 26... dxe5 $2 {[%emt 0:00:01]} (26... Ne4 $19 27. Qh2 Nc3+ 28. Kb2 dxe5) 27. Nxe5 {[%emt 0:00:13]} Rxe5 {[%emt 0:02:13]} 28. Qxf6 {[%emt 0:00:05]} Bg7 {[%emt 0:00:10]} 29. Qc6 $1 {[%emt 0:01:12]} Qxc6 {[%emt 0:00:50] Remove Defender} 30. dxc6 {[%emt 0:00:01]} Rxd1+ $4 {[%emt 0:00:02]} (30... Rc8 $16) 31. Rxd1 {[%emt 0:00:07]} Rxe3 {[%emt 0:00:05]} 32. c7 {[%emt 0:00:02]} Rc3 {[%emt 0:00:44]} 33. Rd8+ {[%emt 0:00:05]} Kh7 {[%emt 0:00:05]} 34. c8=Q {[%emt 0:00:30]} Rxc8 {[%emt 0:00:00]} 35. Rxc8 {[%emt 0:00:00]} b4 {[%emt 0:00:21]} 36. Ra8 {[%emt 0:00:22]} bxa3 {[%emt 0:00:09]} 37. Rxa5 {[%emt 0:00:07]} Bb2 {[%emt 0:00:02]} 38. c4 {[%emt 0:00:11]} g5 {[%emt 0:00:19]} 39. c5 {[%emt 0:00:09]} Bd4 {[%emt 0:00:03]} 40. c6 {[%emt 0:00:08]} Bb6 {[%emt 0:00:06]} 41. Rb5 {[%emt 0:00:09]} 1-0

[Event "29th CRO-chT Junior 2020"]
[Site "Cakovec"]
[Date "2020.07.15"]
[Round "3.3"]
[White "Mandaric, Fran"]
[Black "Sagovac, Kristijan"]
[Result "0-1"]
[WhiteElo "1671"]
[BlackElo "1839"]
[Annotator "NA RC"]
[PlyCount "56"]
[EventDate "2020.07.14"]
[EventType "team-tourn"]
[EventCountry "CRO"]
[SourceTitle "playchess.com"]
[Source "ChessBase"]
[SourceQuality "1"]
[TimeControl "5400+30"]

{[%evp 12,56,0,-27,-12,-25,-13,-29,-10,-26,-14,-25,-22,-34,-56,-219,-223,-227,-221,-555,-608,-889,-926,-864,-931,-1230,-1361,-1491,-1763,-1968,32767,32767,32767,32767,32767,32767,-29991,-29990,-29992,-29992,-29993,-29993,-29994,-29995,-29996,-29996,-29996]} 1. e4 {[%emt 0:00:30]} c5 {[%emt 0:00:30]} 2. Nf3 {[%emt 0:00:00]} Nc6 {[%emt 0:00:00]} 3. b3 {[%emt 0:00:00]} e5 {[%emt 0:02:00]} 4. Bb2 {[%emt 0:00:30]} d6 {[%emt 0:00:30]} 5. Nc3 {[%emt 0:00:30]} Nf6 {[%emt 0:00:30]} 6. Bb5 {[%emt 0:04:30] B50: Sicilian: 2...d6, Miscellaneous.} Bd7 {[%emt 0:00:30]} 7. Qe2 {[%emt 0:00:30]} a6 {[%emt 0:00:30]} 8. Bxc6 {[%emt 0:02:30]} Bxc6 {[%emt 0:00:30]} 9. d3 {[%emt 0:01:30]} Be7 {[%emt 0:01:30]} 10. O-O {[%emt 0:08:30]} O-O {[%emt 0:01:30] [#]} 11. Rfe1 $146 {[%emt 0:03:30]} ({Predecessor:} 11. Nd2 Re8 12. f4 exf4 13. Rxf4 d5 14. Raf1 d4 15. Nd1 Bd6 16. Rxf6 gxf6 17. Ne3 dxe3 {0-1 (49) Kayan,V (1814)-Beradze,I (2467) Cubuk 2017}) 11... b5 {[%emt 0:05:30]} 12. Nd1 {[%emt 0:12:30]} Nh5 {[%emt 0:05:30]} 13. Bxe5 $2 {[%emt 0:00:00]} (13. g3 $15) 13... dxe5 {[%emt 0:00:30]} 14. Nxe5 {[%emt 0:00:00]} Be8 {[%emt 0:01:30]} 15. g4 $2 {[%emt 0:10:30]} (15. Qxh5 f6 16. Qe2 fxe5 17. Ne3) 15... Bf6 {[%emt 0:08:30]} 16. Nxf7 {[%emt 0:09:30]} Bxf7 {[%emt 0:02:30]} 17. e5 {[%emt 0:03:30]} Re8 {[%emt 0:01:30]} 18. d4 {[%emt 0:05:30]} cxd4 {[%emt 0:13:30]} 19. gxh5 {[%emt 0:10:30]} Rxe5 {[%emt 0:00:00]} 20. Qd2 {[%emt 0:01:30]} Bg5 {[%emt 0:04:00]} 21. f4 {[%emt 0:00:30]} Bxf4 {[%emt 0:00:30]} 22. Qf2 {[%emt 0:00:30]} Rxe1+ {[%emt 0:00:30]} 23. Qxe1 {[%emt 0:00:30]} Qg5+ {[%emt 0:00:30]} 24. Kf1 {[%emt 0:01:30]} Bd5 {[%emt 0:00:30]} 25. Qf2 {[%emt 0:00:30]} Rf8 {[%emt 0:01:30]} 26. h4 {[%emt 0:00:00]} Qg4 {[%emt 0:00:30]} 27. Qe2 {[%emt 0:02:00]} Be3+ {[%emt 0:01:30]} 28. Nf2 {[%emt 0:00:30]} Rxf2+ {[%emt 0:00:30]} 0-1

[Event "29th CRO-chT Junior 2020"]
[Site "Cakovec"]
[Date "2020.07.15"]
[Round "3.4"]
[White "Martic, Filip"]
[Black "Markovic, Marko"]
[Result "0-1"]
[WhiteElo "1656"]
[BlackElo "2232"]
[Annotator "TA"]
[PlyCount "126"]
[EventDate "2020.07.14"]
[EventType "team-tourn"]
[EventCountry "CRO"]
[SourceTitle "playchess.com"]
[Source "ChessBase"]
[SourceQuality "1"]

{[%evp 13,126,23,18,-16,-4,-8,0,0,-12,-4,0,-5,14,16,362,354,338,329,356,145,145,149,127,140,139,118,140,143,153,137,157,135,139,125,140,125,142,82,92,68,100,90,89,91,97,104,115,130,168,161,176,189,254,174,177,172,189,183,157,91,109,114,100,23,12,0,0,0,0,-373,-358,-1052,-1056,-1045,-1050,-931,-1023,-999,-793,-876,-850,-812,-804,-774,-753,-715,-705,-1156,-1139,-1733,-1514,-1102,-1013,-1004,-949,-12841,-12841,-12841,-12841,-12841,-12842,-12842,-12843,-12843,-12843,-12844,-12844,-12845,-12844,-12846,-12844,-12845,-12846,-12847,-12846]} 1. d4 d5 2. Nf3 e6 3. c4 Nf6 4. Nc3 Be7 5. Bf4 O-O 6. e3 b6 7. cxd5 Nxd5 {7...Nxd5 scores better than 7...exd5.} 8. Bg3 {D37: Queen's Gambit Declined: 5 Bf4.} Bb7 9. Be2 {[#]} Nd7 $146 ({Predecessor:} 9... c5 10. O-O Nd7 11. Rc1 N7f6 12. Ne5 cxd4 13. exd4 Rc8 14. Qa4 a6 15. Nxd5 Nxd5 {0-1 (50) Zhang,X (1980)-Makhija,A (2197) Porto Carras 2018}) 10. Rc1 {The position is equal.} Nxc3 11. bxc3 c5 12. O-O cxd4 13. cxd4 Ba3 $2 {[%mdl 8192]} (13... Rc8 $11) 14. Rc7 $18 Bxf3 15. Bxf3 (15. gxf3 Nf6 $16) 15... e5 16. Rxd7 (16. Rc3 $18 {has better winning chances.} Bb4 17. Rc4 (17. dxe5 Bxc3 18. Bxa8 Bxe5 $11)) 16... Qxd7 $16 17. Bxa8 ({Weaker is} 17. Bxe5 Rad8 $11) 17... Rxa8 18. Bxe5 Rc8 19. Qb3 Qe7 20. h3 Bb4 21. Rb1 a5 22. Qd5 Qe8 23. Qb7 Qc6 24. Qxc6 Rxc6 {[%mdl 4096] Endgame KRB-KRB} 25. Rb2 ({White should play} 25. d5 Rc2 26. a3 Bxa3 27. Rxb6) 25... f6 26. Bg3 Rc3 27. Kf1 Kf7 28. Ke2 Ke6 29. f3 Rc1 30. e4 Kd7 31. Bf4 Re1+ 32. Kd3 b5 (32... Ra1 $142 33. Kc4 Kc6 34. d5+ Kb7) 33. Bd2 Bxd2 34. Kxd2 $18 {KR-KR} Rg1 35. Ke3 b4 36. Rc2 (36. d5 $142) 36... g5 $16 37. Kd3 a4 38. Rb2 (38. Kc4 $16) 38... a3 $1 $11 {[%cal Ra3b2]} 39. Rc2 Rb1 40. Kc4 Rb2 41. Kd3 $2 {[%mdl 8192] White is now going downhill.} (41. Rc1 $11 {and White stays safe.}) 41... b3 $19 42. Rc1 $2 (42. axb3 a2 43. Rxb2) 42... Rxa2 {[#] aiming for ...Rf2.Black is clearly winning.} 43. Kc3 b2 44. Rb1 Ra1 45. Kc2 a2 46. Rxb2 {[#]} Rc1+ $1 {[%mdl 576] Decoy, Clearance, Promotion} 47. Kxc1 a1=Q+ {KQ-KR} 48. Kc2 Qa4+ 49. Kc3 Qa3+ 50. Rb3 Qc1+ 51. Kd3 Qf1+ 52. Ke3 Qxg2 53. Rb7+ Kd6 54. Rxh7 Qg1+ 55. Kd3 Qd1+ 56. Ke3 Qb3+ 57. Ke2 Qc4+ 58. Ke3 Qc3+ 59. Ke2 Qxd4 60. h4 Qb2+ 61. Kf1 Qc1+ 62. Kg2 Qd2+ 63. Kh3 Qf4 {Accuracy: White = 59%, Black = 84%.} 0-1

[Event "29th CRO-chT Junior 2020"]
[Site "Cakovec"]
[Date "2020.07.15"]
[Round "3.5"]
[White "Topalic, Fran"]
[Black "Sos, Fran"]
[Result "1-0"]
[WhiteElo "1741"]
[BlackElo "2024"]
[Annotator "TA"]
[PlyCount "87"]
[EventDate "2020.07.14"]
[EventType "team-tourn"]
[EventCountry "CRO"]
[SourceTitle "playchess.com"]
[Source "ChessBase"]
[SourceQuality "1"]

{[%evp 24,87,93,-73,50,29,50,25,40,60,23,52,40,17,58,46,38,0,7,0,396,395,390,349,483,448,29962,29958,6011,6003,5122,5114,29991,2282,1943,1846,29991,1383,29997,835,820,810,1059,1061,1054,1053,1046,1042,1043,1016,1011,1008,1060,968,1083,1039,1232,1016,1865,1793,1755,1538,1461,1097,29983,1033]} 1. e4 c5 2. Nf3 d6 3. d4 cxd4 4. Nxd4 Nf6 5. Nc3 g6 6. Be3 Bg7 7. Be2 Nc6 8. f3 Bd7 9. Qd2 O-O 10. O-O-O Rc8 11. h4 h5 12. Rdg1 Ne5 13. Bh6 $2 (13. g4 $16 {stays on course.}) 13... Nc4 {B76: Sicilian Dragon: Yugoslav Attack, 9 g4 and 9 0-0-0.} ({Better is} 13... Bxh6 $1 $17 14. Qxh6 Qb6) 14. Bxc4 $1 $14 Rxc4 15. Bxg7 Kxg7 {[#]White has an edge.} 16. g4 $1 {[%mdl 512]} hxg4 {[#]} 17. h5 $1 $40 {[%mdl 640] White attacks.} Rh8 {Threatens to win with ...Qb6.} ({Don't blunder} 17... Nxh5 $2 18. Rxh5 $1 {[%mdl 512]} Rh8 19. fxg4 $18) 18. hxg6 fxg6 {[#]} 19. fxg4 $146 ({Predecessor:} 19. f4 e5 20. Nde2 Nxe4 21. Qd5 Rxh1 22. Rxh1 Rxc3 23. bxc3 Bc6 24. Qc4 Nd2 25. Rh7+ Kxh7 {0-1 (50) Meta,B-Maksimovic,M (2193) Obrenovac 2005}) 19... Nxg4 20. Nf3 Qf8 {aiming for ...Rxh1.} 21. Ng5 Qf6 $2 {[%mdl 8192] White now steadily converts the win.} (21... Rh5 $11) 22. Rxh8 $1 $18 Kxh8 23. Rh1+ {[%cal Bg1h1,Bh1h7,Bh7f7][%mdl 32]} Kg7 24. Nd5 Qd4 (24... Qe5 $18 25. Rh7+ Kf8 26. Rxe7 Rd4 27. Rxe5 Rxd2 28. Nh7+ (28. Kxd2 Nxe5 29. b3 Kg7 $11) 28... Kg8) 25. Rh7+ Kf8 26. Rf7+ Ke8 27. Rxe7+ Kf8 28. Qxd4 (28. Qf4+ $142 Bf5 29. Ne6+ {[%mdl 64] Double Attack} Kg8 30. Nxd4 Rxd4 31. Qxd6 Rd1+ {[%mdl 64] Decoy} 32. Kxd1 Nf2+ 33. Ke1 $1 {[%mdl 512]} Nd3+ 34. cxd3 Bd7 35. Rxd7 Kh8 36. Qf8#) 28... Rxd4 29. Rxd7 Ra4 30. a3 (30. e5 $142 Rf4 31. e6 Ke8 32. Nxf4 Nf6 33. Rxb7 Kf8 34. Nh7+ Nxh7 35. Rxh7) 30... Ne5 31. Rxd6 (31. Ne6+ $142 Kg8 32. Nf6+ Kh8 33. Rh7#) 31... Kg7 32. Re6 Ng4 33. Re7+ {[%mdl 64] Double Attack} Kh6 34. Nf7+ Kh5 35. Nf4+ Kh4 36. Nxg6+ Kg3 37. e5 Ne3 38. Rd7 Rc4 39. c3 Rc6 40. Rd6 Rc8 41. e6 Nf5 42. Rd3+ Kg4 43. e7 Rg8 {[#]} 44. Rd8 {Accuracy: White = 61%, Black = 34%.} (44. Nh6+ $142 $1 Kg5 (44... Nxh6 45. Nf8) 45. Nxg8 Nxe7 46. N8xe7 Kf6 47. Rd7 b6 48. Rxa7 Kg5 49. Rb7) 1-0